Programa de cultura general : (adaptado al cuestionario oficial) / redactado por Demetrio Rodríguez Andrés (adaptado al cuestionario oficial) / redactado por Demetrio Rodríguez Andrés
Descripción Física:
16 p. ; 17 cm
MARC
| LEADER | 00000nam a2200000Ia 4500 | ||
|---|---|---|---|
| 001 | 15658 | ||
| 008 | 160829s9999 xx 000 0 cat d | ||
| 080 | |a FU-39-26 | ||
| 100 | |a Rodríguez Andrés, Demetrio |9 32485 | ||
| 245 | |a Programa de cultura general : |b (adaptado al cuestionario oficial) / redactado por Demetrio Rodríguez Andrés | ||
| 260 | |a [Barcelona] : |b Escuela de Peritos Industriales de Barcelona, [1945] | ||
| 300 | |a 16 p. ; |c 17 cm | ||
| 590 | |a Bibliografia. | ||
| 590 | |a A la portada: Curso 1945-46 | ||
| 650 | |a Educació humanística |x Ensenyament |9 32486 | ||
| 650 | |a Educació humanística |x Compendis, programes d'estudi, etc. |9 32487 | ||
| 710 | 2 | |a Escola de Pèrits Industrials de Barcelona |9 55106 | |
| 901 | |a Arxiu | ||
| 942 | |n 1 | ||
| 952 | |0 0 |1 0 |4 0 |6 FU3926 |7 1 |9 46002 |a Arxiu |b Arxiu |d 2016-12-01 |l 0 |o FU-39-26 |p 15658 |r 2016-12-01 00:00:00 |w 2016-12-01 |y ARXIU | ||
| 999 | |c 49503 |d 49503 | ||